000 00992cam a2200289 i 4500
999 _c127073
_d127073
001 1775510
003 ARRUPE
005 20171010121103.0
008 770830s1977 mau b 000 0 eng
010 _a 77012999
020 _a0395257174
020 _a0395259525 (pbk.)
040 _aDLC
_cDLC
_dDLC
041 0 _aengfre
050 0 0 _aPQ1590.E5
_bK5
082 0 0 _a841/.2
100 1 _aVillon, François,
_926682
245 1 4 _aSelected poems
_cFrançois Villon, chosen and translated by Peter Dale
260 _aLondon :
_bPenguin Books,
_c1978.
300 _a240 p. ;
_c20 cm.
440 _aPenguin classics
_936970
500 _aFrench/English
700 1 _aDale, Peter (ed.)
_936969
906 _a7
_bcbc
_corignew
_d1
_eocip
_f19
_gy-gencatlg
942 _2lcc
_cMONOGRAPH